Utilizing the potential of formal and informal private practitioners in child survival: situation analysis and summary of promising interventions. (Record no. 61200)

MARC details
000 -LEADER
fixed length control field 00857nam a2200193 a 4500
008 - FIXED-LENGTH DATA ELEMENTS--GENERAL INFORMATION
fixed length control field 080311s2002 xx |||||||||||||| || u
050 ## - LIBRARY OF CONGRESS CALL NUMBER
Classification number USAID(02)
100 ## - MAIN ENTRY--PERSONAL NAME
Personal name Tawfik, Youssef
245 10 - TITLE STATEMENT
Title Utilizing the potential of formal and informal private practitioners in child survival: situation analysis and summary of promising interventions.
260 ## - PUBLICATION, DISTRIBUTION, ETC.
Place of publication, distribution, etc.
Name of publisher, distributor, etc. United States Agency for International Development (USAID)
Date of publication, distribution, etc. 2002
300 ## - PHYSICAL DESCRIPTION
Extent x, 33p.
350 ## - PRICE (NR) (BK AM CF MU VM SE) [OBSOLETE]
Price 0.00
650 ## - SUBJECT ADDED ENTRY--TOPICAL TERM
Topical term or geographic name entry element MATERNAL HEALTH SERVICES--AFRICA
650 ## - SUBJECT ADDED ENTRY--TOPICAL TERM
Topical term or geographic name entry element CHILD HEALTH SERVICES
700 ## - ADDED ENTRY--PERSONAL NAME
Personal name Pry-Jones, Suzanne
700 ## - ADDED ENTRY--PERSONAL NAME
Personal name Northrup, Robert
710 ## - ADDED ENTRY--CORPORATE NAME
Corporate name or jurisdiction name as entry element United States Agency for International Development (USAID)
995 ## - RECOMMENDATION 995 [LOCAL, UNIMARC FRANCE]
-- 0.00
-- CBU-MAIN LIBRARY (Kitwe)
-- 1
-- 0.00
-- 1
-- AVAILABLE
-- Sep 9, 2008
-- International Publications
Holdings
Withdrawn status Lost status Source of classification or shelving scheme Damaged status Not for loan Home library Current library Shelving location Date acquired Total Checkouts Full call number Barcode Date last seen Price effective from Koha item type
          CBU-MAIN LIBRARY, KITWE. CBU-MAIN LIBRARY, KITWE.   11/30/2022   USAID(02) Z03002672 11/30/2022 11/30/2022 MONOGRAPH